00471nam a22001457a 4500003000500000038001800005082000800023100001800031245010200049264003300151300002400184650001800208700004200226856005700268NUST aNusrat Nadeem a200 aTariq, Ayesha aDebt’s Shadows on Growth: A Comprehensive Study through Extreme Bound Analysis/cAyesha Tariq,  aIslamabad,bS3H NUST,c2023. aill:b81,p:c30,cm. aMS-Economics  aSupervisor: Dr. Iftikhar Hussain Adil uhttp://10.250.8.41:8080/xmlui/handle/123456789/39219